| 000 | 00989nam a2200277 a 4500 | ||
|---|---|---|---|
| 001 | BRL_1718 | ||
| 005 | 20190320211334.0 | ||
| 008 | 290514s1963----mx-abo####---#000-0#spa-# | ||
| 041 | _aspa | ||
| 044 | _amx | ||
| 050 | 4 |
_aR465 _b.H65 1963 |
|
| 100 | 1 |
_aHolland, William R. _d1928-1964 _q[William Robert] _927718 |
|
| 245 | 1 | 0 |
_aMedicina maya en los altos de Chiapas _bun estudio del cambio socio-cultural _cWilliam R. Holland ; traducción por Daniel Cazes. |
| 260 |
_aMéxico _bIntituto Nacional Indigenista _c1963 |
||
| 300 |
_a321 p. _bil., mapas _c23 cm. |
||
| 440 | 0 |
_aColección de Antropología Social _v2 _927719 |
|
| 500 | _aAu2057 | ||
| 500 | _aTraducción de: Highland maya native medicine : A study of culture change | ||
| 500 | _aEstado físico: Camisa rota. | ||
| 504 | _aBibliografía: p. 304-311 | ||
| 650 | 1 | 4 |
_aMedicina _zChiapas (México) _927720 |
| 650 | 1 | 4 |
_aTzotziles _xMedicina _927721 |
| 700 | 1 |
_aCazes, Daniel _etr. _927722 |
|
| 902 | _aGRL | ||
| 942 |
_2lcc _cB |
||
| 999 |
_c10526 _d10526 |
||